000 00991nam a22002297a 4500
999 _c1974
_d1974
003 AR-CdUCM
008 190228b ||||| |||| 00| 0 spa d
020 _a9786120009420
040 _aMUNICIPALIDAD PROVINCIAL DEL CUSCO
_cBIBLIOTECA MUNICIPAL DEL CUSCO
082 _a306.6 /
_bM83
100 _aMorvelí Salas, Mario
_97203
245 _aAntropología y religión :
_buna aproximación a conceptos y teorías de la religión /
260 _aCusco :
_bImpresiones Gráficas Meta Color,
_c2012.
300 _a186 páginas ;
_c16 cm.
505 _aContenido: Panorama religioso -- Fundamentos básicos del hecho religioso -- Introducción a las teorías de la religión -- Las religiones históricas a inicios del siglo XXI y los nuevos movimientos religiosos.
650 _aAntropología de la religión
_97204
650 _aEnsayos, conferencias
_91255
650 _aReligión y sociología
_97205
650 _aReligión-- -Filosofía
_97206
942 _2ddc
_cLIBROS
945 _azta